The sound structure of English An introduction
Bewaard in:
| Hoofdauteur: | |
|---|---|
| Formaat: | Boek |
| Gepubliceerd in: |
New york
Cambridge University Press
2009
|
| Onderwerpen: | |
| Tags: |
Voeg label toe
Geen labels, Wees de eerste die dit record labelt!
|
| Thư viện lưu trữ: | Trung tâm Học liệu Lê Vũ Hùng, Trường Đại học Đồng Tháp |
|---|
| LEADER | 00694pam a22002298a 4500 | ||
|---|---|---|---|
| 001 | 00039046 | ||
| 005 | 20180815140821.0 | ||
| 008 | 170517s ||||||Engsd | ||
| 041 | 0 | # | |a Eng |
| 082 | 1 | 4 | |a 428 |b TH300S |
| 100 | 1 | # | |a McCully, Chris |
| 245 | 1 | 0 | |a The sound structure of English |b An introduction |c Chris McCully |
| 260 | # | # | |a New york |b Cambridge University Press |c 2009 |
| 300 | # | # | |a 233 tr. |c 29 cm |
| 653 | # | # | |a Cấu trúc |
| 653 | # | # | |a Tiếng Anh |
| 653 | # | # | |a Phát âm |
| 653 | # | # | |a Ngôn ngữ |
| 852 | # | # | |b Kho đọc |j KD.0020201 |
| 852 | # | # | |j KD.0020201 |
| 910 | |d 17/05/2017 | ||
| 980 | # | # | |a Trung tâm Học liệu Lê Vũ Hùng, Trường Đại học Đồng Tháp |